[Event "Sharjah op rapid"]
[Site "Sharjah"]
[Date "2014.07.10"]
[Round "9"]
[White "Devendra, Kumar2222"]
[Black "Breckenridge, Steven James"]
[Result "0-1"]
[WhiteElo "2072"]
[BlackElo "2320"]
[PlyCount "73"]
[EventDate "2014.07.05"]
[EventType "swiss (rapid)"]
[EventRounds "9"]
[EventCountry "UAE"]
[SourceTitle "CBM 161 Extra"]
[Source "ChessBase"]
[SourceDate "2014.08.29"]
[SourceVersion "1"]
[SourceVersionDate "2014.08.29"]
[SourceQuality "1"]

1. e4 e5 2. d3 Bc5 3. g3 d5 4. Nd2 f5 5. Bg2 fxe4 6. Qh5+ Kf8 7. dxe4 Nf6 8. Qe2 Nc6 9. c3 d4 10. Nh3 Bg4 11. f3 d3 12. Qd1 Bxh3 13. Bxh3 Nd4 14. Kf1 Nc2 15. Nb3 Bb6 16. Rb1 Qd6 17. Bd2 a5 18. Kg2 Rd8 19. Rc1 Kf7 20. Na1 Be3 21. Rf1 Rhf8 22. Kh1 Kg8 23. a4 Qc6 24. Nxc2 dxc2 25. Rxc2 Nxe4 26. fxe4 Qxe4+ 27. Bg2 Rxf1+ 28. Qxf1 Qxc2 29. Qc4+ Kh8 30. Bxe3 Rd1+ 31. Bg1 Qf2 32. Bf1 Qc2 33. Be3 Qf5 34. Kg1 Qf3 35. Bf2 Qf5 36. Be3 Qc2 37. Kh1 0-1

[Event "Sharjah op blitz"]
[Site "Sharjah"]
[Date "2014.07.09"]
[Round "1"]
[White "Breckenridge, Steven James"]
[Black "Khalifah, Khaled"]
[Result "1-0"]
[WhiteElo "2381"]
[BlackElo "1324"]
[PlyCount "35"]
[EventDate "2014.07.09"]
[EventType "swiss (blitz)"]
[EventRounds "9"]
[EventCountry "UAE"]
[SourceTitle "EXT 2016"]
[Source "ChessBase"]
[SourceDate "2015.10.08"]
[SourceVersion "1"]
[SourceVersionDate "2015.10.08"]
[SourceQuality "1"]

1. e4 c5 2. c3 Nc6 3. d4 cxd4 4. cxd4 d6 5. Nc3 e5 6. Nf3 exd4 7. Nxd4 Qb6 8. Bb5 Bd7 9. Be3 Qa5 10. 0-0 Nf6 11. Re1 Be7 12. Nd5 Nxd5 13. exd5 Nb4 14. Bxd7+ Kxd7 15. Qg4+ Ke8 16. Qxg7 Rf8 17. Bg5 f6 18. Qxe7# 1-0

[Event "Sharjah op blitz"]
[Site "Sharjah"]
[Date "2014.07.09"]
[Round "5"]
[White "Breckenridge, Steven James"]
[Black "Sindarov, Javokhir"]
[Result "1/2-1/2"]
[WhiteElo "2381"]
[BlackElo "1893"]
[PlyCount "64"]
[EventDate "2014.07.09"]
[EventType "swiss (blitz)"]
[EventRounds "9"]
[EventCountry "UAE"]
[SourceTitle "EXT 2016"]
[Source "ChessBase"]
[SourceDate "2015.10.08"]
[SourceVersion "1"]
[SourceVersionDate "2015.10.08"]
[SourceQuality "1"]

1. e4 e5 2. Nf3 Nc6 3. Bb5 g6 4. c3 Nge7 5. d4 exd4 6. cxd4 d5 7. exd5 Nxd5 8. 0-0 Bg7 9. Re1+ Be6 10. Bxc6+ bxc6 11. Nc3 0-0 12. h3 Rb8 13. Ne4 Re8 14. Nc5 Bf5 15. Rxe8+ Qxe8 16. Kf1 Nb4 17. a3 Nc2 18. Ra2 Rd8 19. b4 Nxd4 20. Rd2 Ne6 21. Rxd8 Qxd8 22. Qxd8+ Nxd8 23. Bf4 Ne6 24. Nxe6 Bxe6 25. Bxc7 Bd5 26. Ne5 h5 27. a4 Bxe5 28. Bxe5 a6 29. f3 Kf8 30. Ke2 Ke7 31. Kd3 Bb3 32. a5 Ba4 1/2-1/2

[Event "Sharjah op blitz"]
[Site "Sharjah"]
[Date "2014.07.09"]
[Round "9"]
[White "Moskalenko, Viktor"]
[Black "Breckenridge, Steven James"]
[Result "1-0"]
[WhiteElo "2528"]
[BlackElo "2381"]
[PlyCount "79"]
[EventDate "2014.07.09"]
[EventType "swiss (blitz)"]
[EventRounds "9"]
[EventCountry "UAE"]
[SourceTitle "EXT 2016"]
[Source "ChessBase"]
[SourceDate "2015.10.08"]
[SourceVersion "1"]
[SourceVersionDate "2015.10.08"]
[SourceQuality "1"]

1. d4 Nf6 2. Bg5 e6 3. Nd2 h6 4. Bh4 c5 5. e4 cxd4 6. e5 g5 7. Bg3 Nd5 8. h4 Be7 9. hxg5 Bxg5 10. Ngf3 Be7 11. Bc4 Nb6 12. Bb3 d5 13. exd6 Bxd6 14. Bxd6 Qxd6 15. Ne4 Qd8 16. a4 Nc6 17. a5 Nd5 18. Qd2 f5 19. Nc5 Qe7 20. Nd3 Qg7 21. Bxd5 exd5 22. Kf1 Kf8 23. Nb4 Rg8 24. Rh2 Be6 25. Nxc6 bxc6 26. Nxd4 Bd7 27. Qf4 Re8 28. Qd6+ Qe7 29. Qxh6+ Rg7 30. Qd2 c5 31. Nf3 Bb5+ 32. Kg1 d4 33. Re1 Qf6 34. Rxe8+ Bxe8 35. Rh6 Qe7 36. b4 cxb4 37. Qxd4 Kg8 38. Qd5+ Bf7 39. Qa8+ Qf8 40. Rh8+ 1-0

[Event "Sharjah op rapid"]
[Site "Sharjah"]
[Date "2014.07.08"]
[Round "8"]
[White "Breckenridge, Steven James"]
[Black "Fasil, M."]
[Result "1-0"]
[WhiteElo "2320"]
[BlackElo "1972"]
[PlyCount "61"]
[EventDate "2014.07.05"]
[EventType "swiss (rapid)"]
[EventRounds "9"]
[EventCountry "UAE"]
[SourceTitle "CBM 161 Extra"]
[Source "ChessBase"]
[SourceDate "2014.08.29"]
[SourceVersion "1"]
[SourceVersionDate "2014.08.29"]
[SourceQuality "1"]

1. e4 c5 2. c3 e6 3. Nf3 d5 4. exd5 exd5 5. d4 cxd4 6. Qxd4 Nf6 7. Bb5+ Bd7 8. Bxd7+ Nbxd7 9. 0-0 Be7 10. Nbd2 0-0 11. Nb3 a5 12. a4 Rc8 13. Be3 Rc4 14. Qd3 Qc7 15. Nbd2 Rc6 16. Nd4 Ng4 17. N2f3 Nde5 18. Nxe5 Nxe5 19. Qf5 Rf6 20. Qh3 Nc4 21. Bg5 Rg6 22. Bxe7 Qxe7 23. Rfe1 Qg5 24. Nf3 Qf4 25. Re2 Rb6 26. Rae1 Rh6 27. Qc8 Nd6 28. Qd7 Rg6 29. Nd4 Qg5 30. g3 Ne4 31. Nf5 1-0